Finanční restrukturalizace a reengineering procesů (Odlišné přístupy ke změně firmy)

Vymedzenie pojmov reštrukturalizácia a reengineering. Finančná reštrukturalizácia. Reengineering podnikateľských procesov. Ciele finančnej reštrukturalizácie firmy. Ciele reengineeringu podnikateľských procesov.

Gespeichert in:
Bibliographische Detailangaben
1. Verfasser: Pitra, Zbyněk
Format: Buchkapitel
Sprache:Tschechisch
Schlagworte:
Tags: Tag hinzufügen
Keine Tags, Fügen Sie das erste Tag hinzu!

MARC

LEADER 00000naa a2200000 4500
001 r035624
005 20231002100435.4
041 0 |a cze 
044 |a CZ 
245 1 0 |a Finanční restrukturalizace a reengineering procesů (Odlišné přístupy ke změně firmy)  |c Zbyněk Pitra 
520 |a Vymedzenie pojmov reštrukturalizácia a reengineering. Finančná reštrukturalizácia. Reengineering podnikateľských procesov. Ciele finančnej reštrukturalizácie firmy. Ciele reengineeringu podnikateľských procesov. 
610 2 0 |a firmy 
610 2 0 |a reengineering 
610 2 0 |a reštrukturalizácia 
610 2 0 |a prostredie podnikové 
610 2 0 |a procesy rozhodovacie 
610 2 0 |a stratégia podniková 
610 2 0 |a financovanie 
610 2 0 |a inovácia 
100 1 |a Pitra, Zbyněk